Systèmes de production et transformations de l'agriculture / (Record no. 13877)

000 -LEADER
fixed length control field 00570nam a2200181 a 4500
020 ## - INTERNATIONAL STANDARD BOOK NUMBER
ISBN 2853407152 (v. 1)
020 ## - INTERNATIONAL STANDARD BOOK NUMBER
ISBN 2853407160 (v. 2)
040 ## - CATALOGING SOURCE
Transcribing agency DLC
082 ## - DEWEY DECIMAL CLASSIFICATION NUMBER
Classification number 338 INS 1985 A012 Or.
245 00 - TITLE STATEMENT
Title Systèmes de production et transformations de l'agriculture /
260 ## - PUBLICATION, DISTRIBUTION, ETC. (IMPRINT)
Place of publication Paris :
Name of publisher Institut national de la recherche agronomique,
Year of publication 1985.
300 ## - PHYSICAL DESCRIPTION
Number of Pages 2 v. :
Other physical details ill. ;
Dimensions 25 cm.
650 #0 - SUBJECT ADDED ENTRY--TOPICAL TERM
Topical Term Agriculture
650 #0 - SUBJECT ADDED ENTRY--TOPICAL TERM
Topical Term Agricultural productivity
700 1# - ADDED ENTRY--PERSONAL NAME
Personal name Aubert, Didier.
710 2# - ADDED ENTRY--CORPORATE NAME
Corporate name or jurisdiction name as entry element Institut national de la recherche agronomique (France).
942 ## - ADDED ENTRY ELEMENTS (KOHA)
Koha item type សៀវភៅភាសាបារាំង
952 ## - LOCATION AND ITEM INFORMATION (KOHA)
Withdrawn status [LOCAL, KOHA] 0
Holdings
Permanent Location Date acquired Koha item type Lost status Shelving location Barcode Current Location Full call number
Library Block A2017-10-02សៀវភៅភាសាបារាំង A012A19763Library Block A338 INS 1985 A012 Or.
មជ្ឈមណ្ឌលឯការនៃសាកលវិទ្យាល័យភូមិន្ទកសិកម្មចំការដូង

Powered by Koha